000 00753nam a22002417a 4500
003 DO-SdBNP
005 20171127150229.0
008 161031b 1963 xxu ab 00| 0 spa d
040 _aBPMSU
_bspa
_cBPMSU
082 _axxxx
_bxxxx
110 1 _aReader´s Digest Association.
245 1 0 _aReader´s Digest great workd atlas /
260 _aPleasantville, N.Y. :
_bReader´s Digest association,
_c1963.
300 _a232 p. :
_bmapa.
_c42 cm.
500 _aIncluye índice de los Estados Unidos de América.
500 _aIncluye índice del mundo.
500 _aIncluye índice general.
650 _xATLAS
910 _a000144
942 _2ddc
_cBK
945 _aInventariado extranjero / 2017 YL
956 _aYLOCKWARD
_b10
_c20171127
_d144
999 _c13139
_d13139